Structural engineer's pocket book

Shranjeno v:
Bibliografske podrobnosti
Glavni avtor: Cobb, Fiona
Format: Knjiga
Jezik:Undetermined
Izdano: London / New York Elsevier 2004
Teme:
Oznake: Označite
Brez oznak, prvi označite!
Thư viện lưu trữ: Trung tâm Học liệu Trường Đại học Cần Thơ
LEADER 00548nam a2200193Ia 4500
001 CTU_117477
008 210402s9999 xx 000 0 und d
082 |a 624.1 
082 |b C653 
100 |a Cobb, Fiona 
245 0 |a Structural engineer's pocket book 
245 0 |c Fiona Cobb 
260 |a London / New York 
260 |b Elsevier 
260 |c 2004 
650 |a Building,Structural engineering 
650 |x Handbooks, manuals, etc.,Handbooks, manuals, etc. 
904 |i Truc 
980 |a Trung tâm Học liệu Trường Đại học Cần Thơ